Serie A 15 or More Clean Sheets GK by Season in 21C - Statistics

General Stats
  • This quiz has been taken 36 times
  • The average score is 37 of 50
Answer Stats
Season Player Country Club Clean Sheets % Correct
Gianluigi Buffon Italy Parma Calcio 16
100%
01/02 Gianluigi Buffon Italy Juventus 18
100%
02/03 Gianluigi Buffon Italy Juventus 15
100%
04/05 Gianluigi Buffon Italy Juventus 20
100%
Gianluigi Buffon Italy Juventus 16
100%
11/12 Gianluigi Buffon Italy Juventus FC 21
100%
12/13 Gianluigi Buffon Italy Juventus FC 16
100%
Gianluigi Buffon Italy Juventus FC 20
100%
14/15 Gianluigi Buffon Italy Juventus FC 18
100%
15/16 Gianluigi Buffon Italy Juventus FC 15
100%
23/24 Yann Sommer Switzerland Inter Milan 19
100%
Samir Handanovič Slovenia Udinese Calcio 17
95%
Samir Handanovič Slovenia Inter Milan 16
95%
Samir Handanovič Slovenia Inter Milan 15
95%
Samir Handanovič Slovenia Inter Milan 17
95%
18/19 Samir Handanovič Slovenia Inter Milan 17
95%
20/21 Samir Handanovič Slovenia Inter Milan 15
95%
Samir Handanovič Slovenia Inter Milan 15
95%
99/00 Edwin van der Sar Netherland Juventus 17
91%
00/01 Edwin van der Sar Netherland Juventus 17
91%
Pepe Reina Spain SSC Napoli 15
91%
17/18 Pepe Reina Spain SSC Napoli 18
91%
05/06 Júlio César Brazil Inter Milan 16
86%
07/08 Júlio César Brazil Inter Milan 17
86%
08/09 Júlio César Brazil Inter Milan 17
86%
09/10 Júlio César Brazil Inter Milan 17
86%
Alisson Brazil AS Roma 17
82%
Dida Brazil AC Milan 15
82%
Dida Brazil AC Milan 17
82%
21/22 Mike Maignan France AC Milan 17
82%
Rui Patrício Portugal AS Roma 15
77%
Wojciech Szczesny Poland Juventus FC 15
77%
Wojciech Szczesny Poland Juventus FC 15
77%
Alex Meret Italy SSC Napoli 16
73%
Vanja Milinković-Savić Serbia Torino FC 18
73%
22/23 Ivan Provedel Italy SS Lazio 21
59%
10/11 Christian Abbiati Italy AC Milan 19
55%
Salvatore Sirigu Italy Torino FC 15
50%
Morgan De Sanctis Italy SSC Napoli 15
41%
Morgan De Sanctis Italy SSC Napoli 17
41%
13/14 Morgan De Sanctis Italy AS Roma 21
41%
Morgan De Sanctis Italy SSC Napoli 16
41%
06/07 Sébastien Frey France Fiorentina 19
41%
Ciprian Tătărușanu Romania Fiorentina 15
36%
Marco Amelia Italy US Livorno 16
27%
Doni Brazil AS Roma 16
23%
Francesco Antonioli Italy AS Roma 15
23%
Francesco Antonioli Italy Sampdoria 19
23%
03/04 Ivan Pelizzoli Italy AS Roma 20
9%
Marco Sportiello Italy AC Milan 15
9%
No matching quizzes found
Score Distribution
Percent of People with Each Score
Percentile by Number Answered
Your Score History
You have not taken this quiz